El realismo crítico: fundamentos y aplicaciones
Збережено в:
| Автор: | |
|---|---|
| Формат: | Книга |
| Мова: | Іспанська |
| Опубліковано: |
San Salvador
UCA Editores
2016
|
| Редагування: | 1a. ed |
| Серія: | Colección Estructuras y Procesos, 38
|
| Предмети: | |
| Теги: |
Додати тег
Немає тегів, Будьте першим, хто поставить тег для цього запису!
|
MARC
| LEADER | 00000cam a2200000 a 4500 | ||
|---|---|---|---|
| 001 | UCD5586 | ||
| 003 | CL-VaPUC | ||
| 008 | 160922e20160000es |||||||||||||||||spa|d | ||
| 020 | |a 9789996110153 | ||
| 082 | 0 | 4 | |a 302 |b MAR |2 21 |
| 100 | |a Martín-Baró, Ignacio |e autor |9 589388 | ||
| 245 | 1 | 3 | |a El realismo crítico: fundamentos y aplicaciones |
| 250 | |a 1a. ed | ||
| 300 | |a 416 p | ||
| 942 | |c BK | ||
| 945 | |d 20160922 22:24:00 |a dcastane | ||
| 260 | |a San Salvador |b UCA Editores |c 2016 | ||
| 650 | 0 | |a Fatalismo |9 308924 | |
| 650 | 0 | |a Psicología social |9 222894 | |
| 650 | 0 | |a Violencia social |9 399777 | |
| 583 | |a last modification |c 20160922 22:24:00 |k Rodrigo Vera | ||
| 490 | 0 | |a Colección Estructuras y Procesos, 38 | |
| 999 | |c 366239 |d 366237 | ||
| 952 | |0 0 |1 0 |3 erb |4 0 |6 302_000000000000000_MAR_2016 |7 0 |8 A |9 480318 |a BIBEDU |b BIBEDU |i 5342457 |l 1 |o 302 MAR 2016 |p 5342457 |r 2024-07-08 |s 2024-07-03 |w 2019-11-24 |y BK |z Catalogado en:20160922 |k PSI | ||